[Event "Open Ricany 2011"]
[Site "http://www.openricany.cz"]
[Date "2011.08.21"]
[Round "3.41"]
[White "Hajek, Jiri"]
[Black "Hronik, Petr"]
[Result "1/2-1/2"]
[WhiteElo "1847"]
[BlackElo "1966"]

1. d4 d5 2. Nf3 g6 3. Bg5 Bg7 4. e3 c6 5. Bd3 Nf6 6. Nbd2 O-O 7. O-O Re8 8. Rc1
Bg4 9. c3 Nbd7 10. Qe1 Bxf3 11. gxf3 e5 12. Kh1 exd4 13. cxd4 Nf8 14. Rg1 Ne6
15. Bxf6 Qxf6 16. Qf1 Bf8 17. f4 Bd6 18. f5 Ng7 19. Qh3 Kf8 20. Qh6 Ke7 21. e4
Qxd4 22. exd5 Bf4 23. Rce1+ Kd7 24. Nf3 Bxh6 25. dxc6+ bxc6 26. Nxd4 Kc7
27. fxg6 hxg6 28. Bc4 Rxe1 29. Rxe1 Rd8 30. Nb3 f5 31. Kg2 g5 32. Nc5 Rd4
33. Ne6+ Nxe6 34. Bxe6 f4 35. Kf3 Rd2 36. Re2 Rxe2 37. Kxe2 Kd6 38. Bc8 Bg7
39. b3 Kc5 40. a4 Kd4 1/2-1/2

[Event "Open Ricany 2011"]
[Site "http://www.openricany.cz"]
[Date "2011.08.21"]
[Round "3.38"]
[White "Pøibyl Jaroslav"]
[Black "Lacina Filip"]
[Result "0-1"]
[WhiteElo "2059"]
[BlackElo "1864"]

1. d4 Nf6 2. Nf3 e6 3. Bg5 d5 4. e3 c6 5. Bd3 Nbd7 6. Nbd2 Be7 7. c3 h6 8. Bh4
b6 9. Ne5 Nxe5 10. dxe5 Nd7 11. Bxe7 Qxe7 12. f4 Bb7 13. Nb3 c5 14. Bb5 Qh4+
15. g3 Qe7 16. O-O Rd8 17. Qe2 O-O 18. Rad1 Nb8 19. Nc1 Qc7 20. Rd2 Nc6 21. Rfd1
d4 22. exd4 cxd4 23. cxd4 Nxd4 24. Rxd4 Rxd4 25. Rxd4 Qxc1+ 26. Rd1 Qc5+ 27. Kf1
Rc8 28. Rd3 a6 29. Ba4 b5 30. Rc3 Qd5 31. Rxc8+ Bxc8 32. Bc2 Qh1+ 33. Kf2 Qxh2+
34. Ke1 Qxg3+ 35. Kd1 Bb7 36. Qf1 Qe3 37. Bd3 Bf3+ 0-1

[Event "Open Ricany 2011"]
[Site "http://www.openricany.cz"]
[Date "2011.08.21"]
[Round "3.21"]
[White "Petras Milan"]
[Black "Èervenka Petr"]
[Result "0-1"]
[WhiteElo "2064"]
[BlackElo "1949"]

1. d4 e6 2. e4 d5 3. e5 c5 4. c3 Nc6 5. Be3 Qb6 6. Qd2 cxd4 7. cxd4 Nh6 8. Nc3
Nf5 9. Nf3 Bd7 10. g4 Nxe3 11. fxe3 f6 12. exf6 gxf6 13. Bd3 Bh6 14. Rg1 Nb4
15. Be2 Bxe3 16. Qd1 Bxg1 17. Nxg1 Qxd4 18. Kf1 Qf4+ 19. Bf3 O-O 20. a3 Nc6
21. Nce2 Qe3 22. Rc1 Ne5 23. Rc3 Qb6 24. Rb3 Qa6 25. Qd2 Rac8 26. Kg2 Ba4
27. Rb4 Rc2 28. Qd1 Rc4 29. Qd2 Rxb4 30. axb4 Bb5 31. Ng3 Nxf3 32. Nxf3 Qb6
33. Nh5 Be8 34. Nf4 Bg6 35. Nd4 Be4+ 36. Kh3 e5 37. Nfe6 Re8 38. Qh6 0-1

[Event "Open Ricany 2011"]
[Site "http://www.openricany.cz"]
[Date "2011.08.21"]
[Round "3.29"]
[White "Jirousek, Filip"]
[Black "Matejovsky, Ondrej"]
[Result "0-1"]
[WhiteElo "1849"]
[BlackElo "2030"]

1. e4 e5 2. f4 Bc5 3. Nf3 d6 4. Bc4 Nc6 5. d3 Nf6 6. Nc3 Ng4 7. Ng5 h6 8. Nxf7
Qh4+ 9. g3 Qh3 10. Qf3 Bf2+ 11. Kd2 Nd4 12. Qd1 Be3+ 0-1

[Event "Open Ricany 2011"]
[Site "http://www.openricany.cz"]
[Date "2011.08.21"]
[Round "3.32"]
[White "Maly, Filip"]
[Black "Hampel, Rudolf"]
[Result "1-0"]
[WhiteElo "2007"]
[BlackElo "1837"]

1. e4 c5 2. Nf3 d6 3. d4 cxd4 4. Nxd4 Nf6 5. Nc3 a6 6. Bg5 e6 7. f4 Be7 8. Qf3
Nbd7 9. O-O-O Qc7 10. g4 O-O 11. Bxf6 Bxf6 12. g5 Be7 13. Rg1 b5 14. f5 Ne5
15. Qh3 Nc6 16. f6 Bd8 17. fxg7 Re8 18. Nxc6 Qxc6 1-0

[Event "Open Ricany 2011"]
[Site "http://www.openricany.cz"]
[Date "2011.08.21"]
[Round "3.30"]
[White "Skala, Jaromir"]
[Black "Feierfeil, Jiri"]
[Result "1/2-1/2"]
[WhiteElo "2020"]
[BlackElo "1858"]

1. d4 Nf6 2. c4 g6 3. Nc3 d5 4. cxd5 Nxd5 5. e4 Nxc3 6. bxc3 c5 7. Bc4 Bg7
8. Ne2 cxd4 9. cxd4 O-O 10. O-O Nc6 11. Be3 e6 12. Rb1 Na5 13. Bd3 b6 14. Qd2
Bb7 15. Rfc1 Qe7 16. Rc3 Rfc8 17. Rbc1 Rxc3 18. Rxc3 Qd7 19. f3 Bf8 20. Qb2 Rc8
21. Bb5 Qd8 22. Rxc8 Qxc8 23. Qc1 1/2-1/2

[Event "Open Ricany 2011"]
[Site "http://www.openricany.cz"]
[Date "2011.08.21"]
[Round "3.47"]
[White "Paulovic, Milan"]
[Black "Rezac, Jindrich"]
[Result "1/2-1/2"]
[WhiteElo "1933"]
[BlackElo "1862"]

1. e4 c5 2. Nf3 Nc6 3. Bb5 d6 4. O-O Bd7 5. c3 Nf6 6. Re1 a6 7. Bxc6 Bxc6 8. d3
g6 9. Nbd2 Bg7 10. Nf1 O-O 11. h3 Qc7 12. Bf4 e5 13. Bh2 Nh5 14. Ne3 Nf4
15. Bxf4 exf4 16. Nd5 Bxd5 17. exd5 Qd7 18. Qd2 Qf5 19. Rad1 1/2-1/2

[Event "Open Ricany 2011"]
[Site "http://www.openricany.cz"]
[Date "2011.08.21"]
[Round "3.3"]
[White "Wassenbauer, Radek"]
[Black "Rehorek, Martin"]
[Result "1/2-1/2"]
[WhiteElo "2145"]
[BlackElo "2296"]

1. e4 Nf6 2. Nc3 d6 3. f4 c5 4. Bc4 Nc6 5. d3 a6 6. a4 e6 7. Nf3 d5 8. Bb3 c4
9. dxc4 d4 10. Ne2 Nxe4 11. Nexd4 Bb4+ 12. Ke2 Qf6 13. Qd3 Qg6 14. Rg1 Nxd4+
15. Nxd4 e5 16. f5 Qg4+ 17. Qf3 Nf6 18. Qxg4 Nxg4 19. h3 Nf6 20. Nf3 Bxf5 21. g4
1/2-1/2

[Event "Open Ricany 2011"]
[Site "http://www.openricany.cz"]
[Date "2011.08.21"]
[Round "3.19"]
[White "Maly, Marek"]
[Black "Hadzala, Daniel"]
[Result "1/2-1/2"]
[WhiteElo "1986"]
[BlackElo "2162"]

1. d4 Nf6 2. c4 d6 3. Nc3 Nbd7 4. Nf3 e5 5. e4 Be7 6. Be2 c6 7. O-O O-O 8. Re1
Re8 9. Bf1 Qc7 10. h3 exd4 11. Nxd4 a5 12. Bf4 Bf8 13. Qc2 Nc5 14. Rad1 g6
15. b3 Nfd7 16. Bh2 Qb6 17. Kh1 a4 18. Nxa4 Nxa4 19. bxa4 Nc5 20. Nb3 Qb4
21. Qd2 Qxa4 22. Bxd6 Nxb3 23. axb3 Qxb3 24. Bxf8 Rxf8 25. Qd4 Ra2 26. Kg1 Qb2
27. Qxb2 Rxb2 28. f4 1/2-1/2

[Event "Open Ricany 2011"]
[Site "http://www.openricany.cz"]
[Date "2011.08.21"]
[Round "3.14"]
[White "Kubikova, Hana"]
[Black "Grecny, Karol"]
[Result "1/2-1/2"]
[WhiteElo "2159"]
[BlackElo "1975"]

1. d4 e6 2. Nf3 d5 3. c3 Nf6 4. Bg5 Be7 5. e3 O-O 6. Bd3 Nbd7 7. Nbd2 c5 8. O-O
Qc7 9. Qc2 Re8 10. Bxf6 Nxf6 11. Ne5 Bd6 12. f4 Bd7 13. Ndf3 c4 14. Be2 Ne4
15. Bxc4 f6 16. Nxd7 Qxc4 17. Nc5 Bxc5 18. dxc5 Qxc5 19. Qd3 a6 20. Rfd1 1/2-1/2

[Event "Open Ricany 2011"]
[Site "http://www.openricany.cz"]
[Date "2011.08.21"]
[Round "3.9"]
[White "Vojta, Tomas"]
[Black "Kubik, Jaroslav"]
[Result "1-0"]
[WhiteElo "2360"]
[BlackElo "1987"]

1. e4 d6 2. d4 Nf6 3. Nc3 g6 4. Be3 Bg7 5. Qd2 c6 6. f3 b5 7. h4 h5 8. Nh3 Bxh3
9. Rxh3 Nbd7 10. Bd3 b4 11. Ne2 a5 12. O-O-O Qb8 13. Kb1 a4 14. Rhh1 O-O 15. Bh6
Rc8 16. g4 c5 17. Bxg7 Kxg7 18. dxc5 Nxc5 19. gxh5 Nxh5 20. Nd4 Nxd3 21. Nf5+
Kf8 22. Qh6+ Ke8 23. Rxd3 Qc7 24. Ne3 Ra5 25. e5 d5 26. e6 Qe5 27. exf7+ Kxf7
28. Qh7+ Ng7 29. Rg1 Rc6 30. f4 Qe4 31. Ng4 Rxc2 32. Ne5+ 1-0

[Event "Open Ricany 2011"]
[Site "http://www.openricany.cz"]
[Date "2011.08.21"]
[Round "3.7"]
[White "Janicek, Jindrich"]
[Black "Haba, Zdenek"]
[Result "0-1"]
[WhiteElo "2077"]
[BlackElo "2207"]

1. Nf3 g6 2. c4 Bg7 3. Nc3 Nf6 4. g3 O-O 5. Bg2 d6 6. O-O c5 7. d4 Nc6 8. d5
Na5 9. Nd2 e5 10. a3 b6 11. b4 Nb7 12. Rb1 Ng4 13. h3 Nh6 14. e4 f5 15. f3 Bd7
16. Nb3 cxb4 17. axb4 Qc8 18. Qd3 fxe4 19. Nxe4 Bxh3 20. Ng5 Bf5 21. Ne4 Nf7
22. Be3 Bh6 23. Bxh6 Nxh6 24. Rbc1 Bxe4 25. Qxe4 Nf5 26. Kh2 Qd8 27. Bh3 Qg5
28. Rg1 a5 29. f4 exf4 30. gxf4 Qf6 31. c5 axb4 32. c6 Nc5 33. Qb1 Ra3 0-1

[Event "Open Ricany 2011"]
[Site "http://www.openricany.cz"]
[Date "2011.08.21"]
[Round "3.6"]
[White "Klement, Lukas"]
[Black "Voracek, Zdenek"]
[Result "1-0"]
[WhiteElo "2234"]
[BlackElo "2067"]

1. d4 d5 2. Nf3 Nf6 3. c4 e6 4. g3 Be7 5. Bg2 Nbd7 6. O-O O-O 7. Nc3 dxc4 8. e4
c6 9. a4 Qa5 10. Bf4 Nb6 11. Qe2 Bd7 12. Ne5 Rfd8 13. Nxc4 Qb4 14. Nxb6 axb6
15. Rfd1 Be8 16. Be5 c5 17. Bxf6 Bxf6 18. e5 Be7 19. d5 Bg5 20. f4 Bh6 21. dxe6
fxe6 22. Bh3 Bf7 23. Qb5 g5 24. Qxb4 cxb4 25. Ne2 Rxd1+ 26. Rxd1 Rxa4 27. Rd8+
Bf8 28. Nd4 Kg7 29. Nxe6+ Bxe6 30. Bxe6 gxf4 31. gxf4 b3 32. Rd7+ Kh6 33. Rf7
Bc5+ 34. Kg2 Be3 35. Kf3 Bc1 36. Bxb3 Rb4 37. Bc2 Bxf4 38. Rxh7+ 1-0

[Event "Open Ricany 2011"]
[Site "http://www.openricany.cz"]
[Date "2011.08.22"]
[Round "4.38"]
[White "Hronik, Petr"]
[Black "Krejci, Martin"]
[Result "1/2-1/2"]
[WhiteElo "1966"]
[BlackElo "1878"]

1. d4 Nf6 2. Bf4 g6 3. Nd2 Bg7 4. Ngf3 d6 5. e4 O-O 6. Bc4 d5 7. exd5 Nxd5
8. Be3 Nxe3 9. fxe3 c5 10. c3 cxd4 11. cxd4 Nc6 12. O-O Na5 13. Qe2 Nxc4
14. Nxc4 Bg4 1/2-1/2

[Event "Open Ricany 2011"]
[Site "http://www.openricany.cz"]
[Date "2011.08.22"]
[Round "4.13"]
[White "Kubik, Jaroslav"]
[Black "Hrdina, Robin"]
[Result "0-1"]
[WhiteElo "1987"]
[BlackElo "2089"]

1. c4 c5 2. Nc3 Nc6 3. Nf3 g6 4. g3 Bg7 5. Bg2 e6 6. e4 Nge7 7. O-O O-O 8. d3
d6 9. Be3 Nd4 10. Qd2 b6 11. Bh6 Bb7 12. Bxg7 Kxg7 13. Nxd4 cxd4 14. Ne2 e5
15. f4 f5 16. exf5 Bxg2 17. Kxg2 Nxf5 18. Rf3 Qd7 19. Kg1 Ne3 20. b3 Qh3 21. Nc3
exf4 22. Nd5 fxg3 23. Rf4 g5 24. Rxf8 Rxf8 25. Nxe3 Rf2 26. Nf5+ Qxf5 0-1

[Event "Open Ricany 2011"]
[Site "http://www.openricany.cz"]
[Date "2011.08.22"]
[Round "4.50"]
[White "Sargsjan, Karen"]
[Black "Havlicek, Pavel"]
[Result "1-0"]
[WhiteElo "1889"]
[BlackElo "1735"]

1. e4 e5 2. Nf3 Nc6 3. d4 exd4 4. c3 Nf6 5. e5 Ng8 6. Bc4 h6 7. O-O d5 8. Bb5
Bd7 9. Re1 Qe7 10. cxd4 g5 11. Nc3 Qe6 12. Kh1 Nge7 13. Be3 Nf5 14. Qb3 Nfe7
15. Na4 b6 16. Nc3 Na5 17. Qc2 a6 18. Bd3 c6 19. Ne2 Nf5 20. Ng3 Nxg3+ 21. fxg3
Be7 22. Rf1 g4 23. Nh4 Bxh4 24. gxh4 Qe7 25. Rf6 Be6 26. Bxh6 Nc4 27. Bg5 Qb4
28. b3 Na5 29. Bg6 Kf8 30. Rxe6 Qxd4 31. Rf1 Ra7 32. Qf5 1-0

[Event "Open Ricany 2011"]
[Site "http://www.openricany.cz"]
[Date "2011.08.22"]
[Round "4.41"]
[White "Lexa, Vaclav"]
[Black "Jirousek, Filip"]
[Result "1-0"]
[WhiteElo "1917"]
[BlackElo "1849"]

1. d4 Nf6 2. c4 g6 3. Nc3 Bg7 4. e4 d6 5. Nf3 Nbd7 6. Be2 e5 7. d5 O-O 8. Be3
Nc5 9. Nd2 a5 10. b3 Bd7 11. Rb1 b6 12. a3 Qe8 13. O-O h5 14. f3 Kh7 15. Nb5 Na6
16. b4 axb4 17. axb4 Bh6 18. Bxh6 Kxh6 19. Qb3 Qe7 20. Ra1 h4 21. f4 Bg4
22. Bxg4 Nxg4 23. h3 Nf6 24. Qe3 Kg7 25. fxe5 Qxe5 26. Rab1 Nh5 27. Nd4 Ng3
28. Rf4 Qxd4 29. Qxd4+ 1-0

[Event "Open Ricany 2011"]
[Site "http://www.openricany.cz"]
[Date "2011.08.22"]
[Round "4.46"]
[White "Franek, Jan"]
[Black "Koller, Martin"]
[Result "1-0"]
[WhiteElo "1891"]
[BlackElo "1758"]

1. e4 e5 2. Nf3 Nc6 3. Bc4 Nf6 4. d4 exd4 5. O-O Nxe4 6. Nxd4 d5 7. Nxc6 bxc6
8. Qe2 Bc5 9. Nc3 O-O 10. Nxe4 dxe4 11. Qxe4 Qf6 12. Be3 Bb6 13. Bd3 g6 14. Rad1
Be6 15. b3 Bd5 16. Qg4 Bxe3 17. fxe3 Qe5 18. Qd4 Rfe8 19. c4 Be4 20. Bxe4 Qxe4
21. Qxe4 Rxe4 22. Rd7 f5 23. Rxc7 Rxe3 24. g4 Rd8 25. gxf5 gxf5 26. Rxf5 Rd2
27. Rg5+ Kf8 28. Rc8+ Kf7 29. Rf5+ Ke6 30. Rf2 Re1+ 31. Kg2 Ree2 32. Re8+ 1-0

[Event "Open Ricany 2011"]
[Site "http://www.openricany.cz"]
[Date "2011.08.22"]
[Round "4.55"]
[White "Ruzicka, Vaclav"]
[Black "Maly, Dusan"]
[Result "1-0"]
[WhiteElo "1740"]
[BlackElo "1809"]

1. e4 e6 2. d4 d5 3. Nd2 dxe4 4. Nxe4 Nf6 5. Bd3 Be7 6. Nf3 Nc6 7. O-O Nb4
8. Nxf6+ Bxf6 9. Be4 c6 10. c3 Nd5 11. Qc2 Ne7 12. b3 Ng6 13. Ba3 Qc7 14. g3 Be7
15. Bxe7 Qxe7 16. Ne5 Bd7 17. a4 Nxe5 18. dxe5 h5 19. Rad1 h4 20. Rd6 hxg3
21. fxg3 O-O-O 22. Qf2 f5 23. Bg2 Kb8 24. Rfd1 Bc8 25. b4 Rxd6 26. Rxd6 Qg5
27. Rd1 Rd8 28. Rxd8 Qxd8 29. Qe2 Qb6+ 30. Kf1 a5 31. Qd3 axb4 32. Qd6+ Qc7
33. Qxc7+ Kxc7 34. cxb4 Kb6 35. Bf3 c5 36. b5 c4 37. Kf2 Ka5 38. Bd1 Kb4 39. Ke2
Kc3 40. Ke3 Bd7 41. h4 Be8 42. b6 Kb2 43. a5 Bc6 44. g4 c3 45. gxf5 exf5 46. e6
Ka3 47. e7 Be8 48. a6 Bh5 49. Bc2 1-0

[Event "Open Ricany 2011"]
[Site "http://www.openricany.cz"]
[Date "2011.08.22"]
[Round "4.37"]
[White "Hajek, Jiri"]
[Black "Marik, Miloslav"]
[Result "1-0"]
[WhiteElo "1847"]
[BlackElo "1988"]

1. e4 c5 2. Nf3 Nc6 3. Bb5 Nf6 4. e5 Nd5 5. O-O Nc7 6. Bxc6 dxc6 7. Re1 g6
8. d3 Bg7 9. Be3 Ne6 10. Qd2 O-O 11. Bh6 Nd4 12. Nxd4 cxd4 13. h4 Be6 14. h5 b5
15. Bxg7 Kxg7 16. Qe2 Rb8 17. Nd2 Qc7 18. c3 Rfd8 19. hxg6 hxg6 20. Nf3 dxc3
21. bxc3 c5 22. Ng5 Qd7 23. Rad1 Rh8 24. Ne4 Qc7 25. d4 Bc4 26. Qd2 cxd4
27. cxd4 Rh4 28. Ng3 Bd5 29. Qg5 Rh7 30. Rc1 Qd7 31. e6 Qb7 32. Nf5+ Kh8
33. Nxe7 fxe6 34. Qf6+ Rg7 35. Qh4+ Rh7 36. Nxg6+ Kg8 37. Qg3 Rg7 38. Re5 Rf8
39. Rh5 e5 40. Rh8+ Kf7 41. Rxf8+ 1-0

[Event "Open Ricany 2011"]
[Site "http://www.openricany.cz"]
[Date "2011.08.22"]
[Round "4.31"]
[White "Macek, Kamil"]
[Black "Feierfeil, Jiri"]
[Result "0-1"]
[WhiteElo "2012"]
[BlackElo "1858"]

1. e4 c5 2. Nf3 d6 3. d4 cxd4 4. Nxd4 Nf6 5. Nc3 a6 6. Bg5 e6 7. f4 Be7 8. Qf3
Qc7 9. O-O-O O-O 10. g4 Nc6 11. Bh4 Nxd4 12. Rxd4 b5 13. g5 Nd7 14. Be2 Bb7
15. Qg3 g6 16. Rhd1 Rac8 17. a3 Nc5 18. Bf3 Na4 19. R4d3 a5 20. Qg2 Nxc3
21. Rxc3 Qb8 22. Rxc8 Rxc8 23. f5 exf5 24. exf5 Bxf3 25. Qxf3 gxf5 26. Qxf5 Rc5
27. Rd5 Qb7 28. Rxc5 Qh1+ 29. Kd2 Qxh2+ 30. Bf2 dxc5 31. Ke1 Qh1+ 32. Kd2 Qg2
33. Ke1 Qh1+ 34. Kd2 Qg2 35. Ke1 Qc6 36. Kf1 Qe6 37. Qf4 Bd6 38. Qd2 a4 39. Be3
Qh3+ 40. Ke2 Qh2+ 41. Bf2 Be5 42. c3 Bd6 43. Kf1 Qe5 44. Be3 Be7 45. Bf4 Qf5
46. Ke2 Qg4+ 47. Kf2 Qf5 48. Ke2 Qe4+ 49. Kf2 Kg7 50. Kg3 c4 51. Qh2 Qf5
52. Qh6+ Kg8 53. Qh4 Qd3+ 54. Kg4 Qe2+ 55. Kg3 Qe1+ 56. Kg4 Qxh4+ 57. Kxh4 h6
0-1

[Event "Open Ricany 2011"]
[Site "http://www.openricany.cz"]
[Date "2011.08.22"]
[Round "4.28"]
[White "Hybl, Vladislav"]
[Black "Skala, Jaromir"]
[Result "0-1"]
[WhiteElo "1925"]
[BlackElo "2020"]

1. e4 e5 2. Nf3 Nc6 3. Bb5 a6 4. Ba4 Nf6 5. O-O Be7 6. Re1 b5 7. Bb3 O-O 8. h3
d6 9. c3 Na5 10. Bc2 c5 11. d4 Qc7 12. Nbd2 Re8 13. d5 c4 14. Nf1 Nb7 15. a4 Bd7
16. axb5 axb5 17. Bd2 Nc5 18. Ng3 Ra5 19. Rxa5 Qxa5 20. b4 cxb3 21. Bxb3 Qa3
22. Bc2 Ra8 23. Qc1 Qa2 24. Qb1 Qc4 25. Qb4 Ra2 26. Bb1 Ra1 27. Qxc4 bxc4
28. Bc2 Ra2 29. Rc1 Nb3 30. Bxb3 cxb3 31. Rb1 Ba4 32. Bc1 Nd7 33. Nf5 Bf8
34. Bb2 Nc5 35. Nd2 Nd3 36. Nc4 g6 37. Nfe3 Bh6 38. Nd1 Bf8 39. Na5 f5 40. f3
fxe4 41. fxe4 Nc5 42. Nf2 Bh6 43. Nc4 Bb5 44. Nxd6 Bd3 45. Nxd3 Nxd3 46. Nc4 Ra4
47. Nd6 Bf8 48. Nb5 Ra2 49. d6 Nxb2 50. d7 Bc5+ 51. Kh2 Bb6 52. Nd6 Kf8 53. Rf1+
Ke7 54. Nc8+ Kxd7 55. Nxb6+ Kc6 56. Nd5 Kc5 57. Rb1 Kc4 58. Kg3 Na4 59. Nb4 Rd2
60. Nc6 Kxc3 61. Nxe5 Kc2 62. Re1 b2 63. Nc4 Rd3+ 64. Kf4 b1=Q 65. Rxb1 Kxb1
66. Kg5 Nc5 67. Ne5 Rg3+ 68. Kf4 Rxg2 0-1

[Event "Open Ricany 2011"]
[Site "http://www.openricany.cz"]
[Date "2011.08.22"]
[Round "4.11"]
[White "Dungl, Martin"]
[Black "Postupa, Pavel"]
[Result "1/2-1/2"]
[WhiteElo "2001"]
[BlackElo "2124"]

1. d4 Nf6 2. c4 g6 3. Nc3 d5 4. Nf3 Bg7 5. Bg5 Ne4 6. cxd5 Nxg5 7. Nxg5 e6
8. Qd2 exd5 9. Qe3+ Kf8 10. Qf4 Bf6 11. h4 h6 12. Nxd5 Bxg5 13. Qe5 Rh7 14. hxg5
Nc6 15. Qe4 Bf5 16. Qf3 Nxd4 17. Qa3+ Kg7 18. Ne3 hxg5 19. Rxh7+ Kxh7 20. O-O-O
Qf6 21. Qc3 c5 22. Nxf5 Qxf5 23. e3 Nc6 24. Ba6 Kg8 25. Bxb7 Nb4 26. Qc4 Rb8
27. Bf3 g4 28. Be4 Nxa2+ 29. Qxa2 Qxe4 30. Rd7 Rf8 31. Qd5 Qb4 32. Kc2 g3 33. f4
Qe1 34. Qd2 Qf1 35. Rxa7 Rb8 36. Ra3 c4 37. e4 Qg1 38. Rxg3 Qb6 39. Kc1 Rd8
40. Qe2 Qg1+ 41. Kc2 Rb8 42. Ra3 Qb6 43. Kb1 Qd6 44. Rf3 Qd4 45. Kc1 Ra8 46. Kb1
Ra4 47. f5 Qa7 48. fxg6 Ra1+ 49. Kc2 Qa4+ 50. Kd2 Qb4+ 51. Kc2 Qa4+ 52. Kd2 Qb4+
53. Kc2 Qa4+ 1/2-1/2

[Event "Open Ricany 2011"]
[Site "http://www.openricany.cz"]
[Date "2011.08.22"]
[Round "4.29"]
[White "Svitak, David"]
[Black "Starek, Stanislav"]
[Result "1/2-1/2"]
[WhiteElo "2015"]
[BlackElo "1912"]

1. e4 e6 2. d4 d5 3. e5 c5 4. c3 Nc6 5. Nf3 Qb6 6. a3 c4 7. Nbd2 Nge7 8. Rb1
Na5 9. Be2 Bd7 10. g4 Qc7 11. Nh4 Nb3 12. Nxb3 Ba4 13. Be3 Bxb3 14. Qd2 Nc6
15. f4 O-O-O 16. f5 Na5 17. Bd1 f6 18. fxe6 fxe5 19. Nf5 g6 20. e7 Bxe7
21. Nxe7+ Qxe7 22. Bg5 Qe8 23. Bxd8 exd4+ 24. Be2 Qxd8 25. Qxd4 Re8 26. Qf2 Bc2
27. O-O Bxb1 28. Rxb1 Nc6 29. Rd1 1/2-1/2

[Event "Open Ricany 2011"]
[Site "http://www.openricany.cz"]
[Date "2011.08.22"]
[Round "4.6"]
[White "Wasserbauer, Radek"]
[Black "Sodoma, Jan"]
[Result "0-1"]
[WhiteElo "2145"]
[BlackElo "2365"]

1. e4 e5 2. Nf3 Nc6 3. Bc4 Nf6 4. Ng5 d5 5. exd5 Na5 6. Bb5+ c6 7. dxc6 bxc6
8. Be2 h6 9. Nf3 e4 10. Ne5 Bd6 11. d4 exd3 12. Nxd3 Qc7 13. h3 O-O 14. Nc3 Rd8
15. O-O Ba6 16. Be3 Nc4 17. Qc1 Nxe3 18. Qxe3 c5 19. b3 c4 20. bxc4 Bxc4 21. Ne4
Nxe4 22. Qxe4 Bd5 23. Qa4 Rac8 24. Nb4 Ba8 25. c4 Qe7 26. Bg4 Rxc4 27. a3 Rxg4
28. hxg4 Qh4 29. Rfd1 Qh2+ 30. Kf1 Qxg2+ 31. Ke2 Qxg4+ 32. Kd3 Bxb4+ 33. Kc2
Qc4+ 34. Kb1 Be4+ 0-1

[Event "Open Ricany 2011"]
[Site "http://www.openricany.cz"]
[Date "2011.08.22"]
[Round "4.48"]
[White "Hanl, Frantisek"]
[Black "Paulovic, Milan"]
[Result "1-0"]
[WhiteElo "1849"]
[BlackElo "1933"]

1. e4 d5 2. exd5 Qxd5 3. Nf3 Nf6 4. Nc3 Qd6 5. d3 c6 6. Be2 Bf5 7. a3 h6 8. Be3
e5 9. Nd2 Nbd7 10. h3 Qc7 11. Bf3 Nb6 12. Be4 Nfd5 13. Bxb6 Nxb6 14. O-O Be7
15. Bf3 Be6 16. Bg4 Qd7 17. Bxe6 Qxe6 18. Qe2 O-O-O 19. b4 a6 20. Rfb1 f5 21. a4
Nd5 22. Nxd5 cxd5 23. a5 f4 24. Nf1 Bf6 25. b5 Rd6 26. Ra4 Rhd8 27. Rab4 Kd7
28. bxa6 bxa6 29. Nd2 Ke8 30. Rb6 R8d7 31. c4 Bd8 32. cxd5 Qxd5 33. Rxd6 Rxd6
34. Nc4 Re6 35. Rb8 Ke7 36. Qg4 g6 37. Qd1 e4 38. Nb6 Kf7 39. dxe4 1-0

[Event "Open Ricany 2011"]
[Site "http://www.openricany.cz"]
[Date "2011.08.22"]
[Round "4.35"]
[White "Lorenc, Tomas"]
[Black "Petras, Milan"]
[Result "0-1"]
[WhiteElo "1875"]
[BlackElo "2064"]

1. e4 e6 2. d4 d5 3. exd5 exd5 4. Bd3 c5 5. dxc5 Bxc5 6. Nc3 Nf6 7. Qe2+ Be6
8. Bg5 O-O 9. O-O-O Nc6 10. Kb1 h6 11. Bh4 Re8 12. Qd2 Bb4 13. Nge2 g5 14. Bg3
d4 15. h4 Qa5 16. Nxd4 Nxd4 17. Bh7+ Nxh7 18. Qxd4 Bxc3 19. bxc3 Qxa2+ 20. Kc1
Qa3+ 0-1

[Event "Open Ricany 2011"]
[Site "http://www.openricany.cz"]
[Date "2011.08.22"]
[Round "4.23"]
[White "Popelka, Pavel"]
[Black "Vanka, Miloslav"]
[Result "0-1"]
[WhiteElo "1984"]
[BlackElo "2120"]

1. d4 Nf6 2. c4 e6 3. Nf3 Bb4+ 4. Bd2 Qe7 5. e3 a5 6. Nc3 b6 7. Rc1 Bb7 8. Nb5
d6 9. a3 Bxd2+ 10. Qxd2 Na6 11. Qc2 O-O 12. Bd3 e5 13. Be2 e4 14. Nd2 Nd7
15. Nc3 f5 16. Nd5 Qf7 17. Nf4 g5 18. Bh5 Qf6 19. Nd5 Bxd5 20. cxd5 g4 21. h3
Qh4 22. Bxg4 fxg4 23. Qxe4 Nf6 24. Qe6+ Kh8 25. g3 Qh5 26. Ne4 Nxe4 27. Qxe4
gxh3 28. Rh2 Qf5 29. Qh4 Rf7 30. e4 Re8 31. Qxh3 Rxe4+ 32. Kf1 Qxh3+ 33. Rxh3
Rxd4 34. Re1 Rxd5 35. Rh4 Rd2 36. f4 Rxb2 37. Rg4 h5 38. Re8+ Kh7 39. Rg5 Nc5
40. Rxh5+ Kg6 41. Rhh8 Kf5 42. Rhg8 Ne4 43. Kg1 b5 44. Ra8 a4 45. Ra5 c5
46. Rga8 c4 0-1

[Event "Open Ricany 2011"]
[Site "http://www.openricany.cz"]
[Date "2011.08.22"]
[Round "4.7"]
[White "Rehorek, Martin"]
[Black "Moravec, Vit"]
[Result "1-0"]
[WhiteElo "2296"]
[BlackElo "2148"]

1. Nf3 d5 2. c4 c6 3. g3 Nf6 4. b3 Bf5 5. Bg2 e6 6. O-O Be7 7. Bb2 h6 8. d3 O-O
9. a3 Nbd7 10. Nbd2 Qc7 11. Qc2 Bh7 12. Rfc1 Rac8 13. b4 Qb8 14. Qd1 e5 15. cxd5
cxd5 16. Qb3 e4 17. dxe4 dxe4 18. Nd4 Ne5 19. Bh3 Rxc1+ 20. Rxc1 Nfg4 21. f3
exf3 22. exf3 Nf6 23. Re1 Bd6 24. Bf5 Bxf5 25. Nxf5 Ned7 26. Nc4 Bc7 27. Rd1 g6
28. Qc3 Ne5 29. Nxe5 Bxe5 30. Ne7+ Kg7 31. Qxe5 Qxe5 32. Bxe5 Re8 33. Rd6 1-0

[Event "Open Ricany 2011"]
[Site "http://www.openricany.cz"]
[Date "2011.08.22"]
[Round "4.52"]
[White "Bocek, Lukas"]
[Black "Pribyl, Jaroslav"]
[Result "1/2-1/2"]
[WhiteElo "1695"]
[BlackElo "1869"]

1. e4 c6 2. d4 d5 3. exd5 cxd5 4. c4 Nc6 5. Nc3 Nf6 6. Nf3 Bg4 7. Be3 e6 8. h3
Bh5 9. g4 Bg6 10. c5 Be7 11. a3 Ne4 12. Qb3 Qc7 13. Bb5 O-O 14. h4 Nxc3 15. Qxc3
Be4 16. Be2 f5 17. g5 a5 18. h5 f4 19. Bd2 Bxg5 20. Nxg5 Bxh1 21. Nxe6 Qe7
22. Nxf8 Rxf8 23. Kd1 Qe4 24. Qd3 Nxd4 25. Qxe4 Bxe4 26. Rc1 f3 27. Bf1 Rf5
28. Be3 Nc6 29. Bh3 Rxh5 30. Bc8 Nd8 31. b4 axb4 32. axb4 d4 33. Bf4 Kf7 34. b5
Bd3 35. Bc7 Rh1+ 36. Kd2 Rxc1 37. Kxc1 Ke7 38. b6 Be4 39. Be5 g5 40. Bxd4 h5
41. Be3 g4 42. Bg5+ Ke8 43. Kd2 Nf7 44. Bf4 Kd8 45. Be6 Ke7 46. Bc8 Kf6 47. Ke3
Bc6 48. Kd4 Ng5 49. Be5+ Kg6 50. Ke3 Ne4 51. Bd6 Kf7 52. Bd7 Bxd7 53. Kxe4 Kf6
54. Kf4 h4 55. Bc7 g3 56. Kxf3 Bc6+ 57. Ke2 g2 58. Bh2 Ke6 59. f3 Kd5 60. Bg1 h3
61. Kd2 Ke5 62. Ke3 Kf5 63. Bh2 Kg5 64. Kf2 Kh4 65. Bg3+ Kg5 66. Bh2 1/2-1/2